[Event "POHÁR města Říčany 2023"]
[Site "Městské kulturní středisko U labutě"]
[Date "2023.09.02"]
[Round "9.27"]
[White "Skokan, Frantisek"]
[Black "Lavrincik, Pavel"]
[Result "1-0"]
[WhiteElo "1881"]
[BlackElo "1657"]
[WhiteFideId "327492"]
[BlackFideId "320188"]
[PlyCount "0"]
[EventDate "2023.08.26"]

1. d4 d6 2. Bf4 Nf6 3. e3 g6 4. Nf3 Bg7 5. h3 O-O 6. Nbd2 Nbd7 7. Be2 a5 8. c3
Nd5 9. Bh2 e5 10. e4 Nf4 11. Bf1 Nb6 12. Qc2 f5 13. dxe5 fxe4 14. Qxe4 d5
15. Qe3 Ne6 16. Bd3 c5 17. O-O Bd7 18. Rad1 Bc6 19. Bc2 Qe7 20. Bg3 a4 21. Bh4
Qc7 22. Rfe1 Rae8 23. Bg3 Rd8 24. Ng5 Nxg5 25. Qxg5 Qc8 26. Nf3 Qe6 27. h4 d4
28. h5 Bxf3 29. gxf3 gxh5 30. Qxh5 h6 31. f4 dxc3 32. f5 Qe8 33. Qxe8 Rdxe8
34. bxc3 Nc4 35. f6 Rxf6 36. exf6 Rxe1+ 37. Rxe1 Bxf6 38. Bxa4 1-0

[Event "POHÁR města Říčany 2023"]
[Site "Městské kulturní středisko U labutě"]
[Date "2023.09.02"]
[Round "9.28"]
[White "Kubicek, Daniel"]
[Black "Jirousek, Tadeas"]
[Result "1-0"]
[WhiteElo "1561"]
[BlackElo "1791"]
[WhiteFideId "23718838"]
[BlackFideId "382353"]
[PlyCount "0"]
[EventDate "2023.08.26"]

1. e4 b6 2. d4 Bb7 3. Nc3 e6 4. f4 Bb4 5. e5 d5 6. Nf3 a5 7. Bd2 Ba6 8. Bxa6
Nxa6 9. Ne2 Be7 10. O-O c5 11. c3 Nh6 12. h3 O-O 13. g4 Qd7 14. Ng3 Rac8 15. f5
exf5 16. Bxh6 fxg4 17. Nh2 gxh6 18. Nxg4 Rc6 19. Kh2 cxd4 20. Nh5 Kh8 21. Nhf6
Bxf6 22. Nxf6 Qc7 23. Qh5 dxc3 24. Qf5 Rxf6 25. Qxf6+ Kg8 1-0

[Event "POHÁR města Říčany 2023"]
[Site "Městské kulturní středisko U labutě"]
[Date "2023.09.02"]
[Round "9.29"]
[White "Rossler, Erik"]
[Black "Havelka, Petr"]
[Result "1/2-1/2"]
[WhiteElo "1394"]
[BlackElo "1782"]
[WhiteFideId "23719761"]
[BlackFideId "323560"]
[PlyCount "0"]
[EventDate "2023.08.26"]

1. e4 d5 2. exd5 Nf6 3. d4 Nxd5 4. c4 Nf6 5. Nf3 e6 6. Nc3 Nbd7 7. Bf4 c6
8. Be2 Be7 9. O-O O-O 10. Re1 Bb4 11. Qc2 Qa5 12. Bd3 h6 13. a3 Bxc3 1/2-1/2

[Event "POHÁR města Říčany 2023"]
[Site "Městské kulturní středisko U labutě"]
[Date "2023.09.02"]
[Round "9.30"]
[White "Glasberger, Roman"]
[Black "Sadil, Antonin"]
[Result "0-1"]
[WhiteElo "1555"]
[BlackElo "1774"]
[WhiteFideId "398799"]
[BlackFideId "23735597"]
[PlyCount "0"]
[EventDate "2023.08.26"]

1. e4 c6 2. d4 d5 3. Nc3 dxe4 4. Nxe4 Nf6 5. Nxf6+ exf6 6. Nf3 Bd6 7. Be3 Be6
8. Bd3 O-O 9. Qd2 Nd7 10. c3 Re8 11. O-O Qc7 12. h3 Bd5 13. Be2 b6 14. c4 Be4
15. Rfd1 Rad8 16. Rac1 c5 17. d5 f5 18. g3 Bxg3 19. Ng5 Bh2+ 20. Kf1 f4 21. Nxe4
Rxe4 22. d6 Qc6 23. Bf3 fxe3 24. fxe3 Rf4 25. exf4 Qxf3+ 26. Qf2 Qxh3+ 27. Ke2
Qg4+ 28. Kd3 Qxf4 29. Qe2 Ne5+ 30. Kc3 Qf3+ 31. Qxf3 Nxf3 32. d7 Be5+ 33. Kd3
Rxd7+ 34. Ke4 Nd4 35. Kxe5 f6+ 36. Ke4 Kf7 37. b4 Re7+ 38. Kd5 Ne2 39. Rc2 Rd7+
40. Kc6 Rxd1 41. Rxe2 cxb4 0-1

[Event "POHÁR města Říčany 2023"]
[Site "Městské kulturní středisko U labutě"]
[Date "2023.09.02"]
[Round "9.31"]
[White "Pogorelskiy, Boris"]
[Black "Sedmihradsky, Tomas"]
[Result "0-1"]
[WhiteElo "1445"]
[BlackElo "1768"]
[WhiteFideId "34365478"]
[BlackFideId "23709936"]
[PlyCount "0"]
[EventDate "2023.08.26"]

1. e4 e5 2. Nf3 Nc6 3. Bc4 Bc5 4. c3 Nf6 5. d3 d6 6. a4 a5 7. O-O O-O 8. Be3
Bxe3 9. fxe3 Qe8 10. Nbd2 h6 11. Qc2 Bd7 12. d4 Kh8 13. h3 Nh7 14. Qb3 b6
15. Nh4 f6 16. Bd5 Rc8 17. Nf5 Ne7 18. Be6 Bxe6 19. Qxe6 Nxf5 20. Qxe8 Rfxe8
21. exf5 d5 22. b4 exd4 23. exd4 Re3 24. Rf3 Rce8 25. Raf1 Ng5 26. Rxe3 Rxe3
27. Rc1 Rd3 28. Nf1 Ne4 29. bxa5 bxa5 30. c4 dxc4 31. Rxc4 Rd1 32. d5 Ng3
33. Rf4 0-1

[Event "POHÁR města Říčany 2023"]
[Site "Městské kulturní středisko U labutě"]
[Date "2023.09.02"]
[Round "9.32"]
[White "Meca, Viktor st."]
[Black "Simak, Ivo"]
[Result "0-1"]
[WhiteElo "1755"]
[BlackElo "1575"]
[WhiteFideId "23725672"]
[BlackFideId "390879"]
[PlyCount "0"]
[EventDate "2023.08.26"]

1. e4 c5 2. Nf3 Nc6 3. d4 cxd4 4. Nxd4 e5 5. Nb5 d6 6. N1c3 a6 7. Na3 h6 8. Nd5
Nf6 9. Qd3 Be6 10. g3 Nxd5 11. exd5 Qa5+ 12. Bd2 Qxd5 13. Rg1 Qxd3 14. Bxd3 Nd4
15. O-O-O Bg4 16. Rdf1 d5 17. Bc3 Nf3 18. Rh1 Bh3 19. Rd1 Bg2 20. Bxe5 Bxh1
21. Rxh1 Nxe5 22. Re1 Bxa3 23. Rxe5+ 0-1

[Event "POHÁR města Říčany 2023"]
[Site "Městské kulturní středisko U labutě"]
[Date "2023.09.02"]
[Round "9.33"]
[White "Hosova, Sandra"]
[Black "Moravec, Marek"]
[Result "1-0"]
[WhiteElo "1898"]
[BlackElo "1449"]
[WhiteFideId "397717"]
[BlackFideId "23764155"]
[PlyCount "0"]
[EventDate "2023.08.26"]

1. d4 Nf6 2. Bf4 g6 3. Nc3 Bg7 4. e4 d6 5. f3 O-O 6. Qd2 Nc6 7. O-O-O e5
8. dxe5 dxe5 9. Qxd8 Rxd8 10. Rxd8+ Nxd8 11. Bxe5 Nxe4 12. Bxg7 Nf2 13. Bd4 Nxh1
14. g3 Nc6 15. Be3 Nxg3 16. hxg3 Be6 17. Nh3 Ne5 18. Ng5 Bc4 19. Bg2 c6 20. b3
Ba6 21. Nce4 h6 22. Nf6+ Kg7 23. Nge4 Be2 24. f4 Ng4 25. Nxg4 Bxg4 26. Nd6 Bc8
27. Nxc8 Rxc8 28. Bxa7 Ra8 29. Bd4+ Kg8 30. a4 Re8 31. Kd2 Rd8 32. Kc3 h5 33. b4
Kf8 34. a5 Ke7 35. a6 bxa6 36. Bxc6 Rc8 37. Bc5+ Ke6 38. Bb7 Rc7 39. Bxa6 Kd5
40. Kd3 f6 41. c4+ Ke6 42. Be3 Kf5 43. b5 Kg4 44. b6 Rd7+ 45. Ke2 Kxg3 46. c5 h4
47. c6 Re7 48. c7 h3 49. c8=Q h2 50. Bb7 1-0

[Event "POHÁR města Říčany 2023"]
[Site "Městské kulturní středisko U labutě"]
[Date "2023.09.02"]
[Round "9.34"]
[White "Svetly, Jiri"]
[Black "Tichy, Tomas"]
[Result "0-1"]
[WhiteElo "1850"]
[BlackElo "1634"]
[WhiteFideId "316032"]
[BlackFideId "23715430"]
[PlyCount "0"]
[EventDate "2023.08.26"]

1. d4 Nf6 2. c4 e6 3. Nc3 Bb4 4. f3 Nh5 5. Nh3 f5 6. a3 Bxc3+ 7. bxc3 O-O
8. Nf2 d6 9. e3 Nc6 10. Bd3 e5 11. O-O f4 12. d5 Ne7 13. e4 Ng6 14. Nh1 Nh4
15. Kf2 g5 16. h3 Kh8 17. Be2 Rg8 18. Rg1 Qe7 19. Ke1 Bd7 20. Kd2 Rg7 21. Nf2
Ng3 22. a4 a5 23. c5 dxc5 24. Bb2 Ng6 25. Qb3 b6 26. Bb5 Rd8 27. Kc2 Bxb5
28. axb5 Nh5 29. c4 Nf6 30. Ng4 h5 31. Nh6 Nh4 32. Rae1 Nd7 33. g3 Qf6 34. gxh4
Qxh6 35. hxg5 Rxg5 36. Kd3 Rdg8 37. Qd1 h4 38. Rg4 Nf6 39. Reg1 Nxg4 40. fxg4 f3
41. Qxf3 Rf8 42. Qe3 Qf6 43. Rf1 Qf3 44. Bc1 Qxe3+ 45. Bxe3 Rg7 46. Rg1 Rf3
47. Rh1 0-1

[Event "POHÁR města Říčany 2023"]
[Site "Městské kulturní středisko U labutě"]
[Date "2023.09.02"]
[Round "9.35"]
[White "Konvalinka, Vladislav"]
[Black "Slivova, Linda"]
[Result "0-1"]
[WhiteElo "1705"]
[BlackElo "1586"]
[WhiteFideId "342955"]
[BlackFideId "23709294"]
[PlyCount "0"]
[EventDate "2023.08.26"]

1. d4 d5 2. c4 e6 3. Nf3 c6 4. g3 Bd6 5. Bg2 f5 6. Nbd2 Nf6 7. O-O O-O 8. b3
Nbd7 9. Bb2 Ne4 10. Ne5 Nxe5 11. dxe5 Bc5 12. Rc1 Qb6 13. Nxe4 fxe4 14. e3 Qa5
15. a3 Be7 16. b4 Qd8 17. Qe2 a5 18. c5 axb4 19. axb4 b6 20. Bd4 Ba6 21. Qg4
Bxf1 22. Qxe6+ Kh8 23. Bxf1 bxc5 24. bxc5 Ra2 25. f4 exf3 26. Qxc6 Qa5 27. Rd1
Rc2 28. e6 Qa2 29. e4 Rg2+ 30. Kh1 Rxh2+ 31. Kg1 Rh6 32. Bf2 dxe4 33. Qxe4 Bxc5
34. Qe1 Rxe6 35. Qd2 Qxd2 36. Rxd2 Bxf2+ 37. Kxf2 Rh6 38. Rd3 Rh2+ 39. Ke3 Rb2
40. Ra3 f2 41. Ra4 Rb1 42. Ke2 Re1+ 0-1

[Event "POHÁR města Říčany 2023"]
[Site "Městské kulturní středisko U labutě"]
[Date "2023.09.02"]
[Round "9.37"]
[White "Stork, Rostislav"]
[Black "Cermak, Filip"]
[Result "0-1"]
[WhiteElo "1723"]
[BlackElo "1403"]
[WhiteFideId "354988"]
[BlackFideId "23739096"]
[PlyCount "0"]
[EventDate "2023.08.26"]

1. e4 e5 2. Nf3 Nf6 3. Nxe5 Nc6 4. Nxc6 dxc6 5. d3 Bc5 6. Be2 h5 7. O-O Ng4
8. Nd2 Qh4 9. Nf3 Nxf2 10. Nxh4 Nxd1+ 11. Kh1 Nf2+ 12. Kg1 Nxe4+ 13. Kh1 Nf2+
14. Kg1 Nxd3+ 15. Kh1 Nxc1 16. Raxc1 Be6 17. Nf5 Rh7 18. b3 g6 19. Ng3 O-O-O
20. Rcd1 Rhh8 21. Bd3 f5 22. Rde1 Rhe8 23. Ne2 Bf7 24. Nf4 Bd6 25. g3 Bb4
26. Rxe8 Rxe8 27. Kg2 b5 28. h4 a6 29. a4 Kb7 30. axb5 cxb5 31. Kf3 c5 32. c4
Kc6 33. Ra1 bxc4 34. Rxa6+ Kb5 35. Rf6 cxd3 36. Rxf7 d2 37. Rd7 Re1 0-1

[Event "POHÁR města Říčany 2023"]
[Site "Městské kulturní středisko U labutě"]
[Date "2023.09.02"]
[Round "9.38"]
[White "Kammova, Katerina"]
[Black "Cervenka, Petr"]
[Result "1/2-1/2"]
[WhiteElo "1487"]
[BlackElo "1869"]
[WhiteFideId "23737336"]
[BlackFideId "312444"]
[PlyCount "0"]
[EventDate "2023.08.26"]

1. e4 e6 2. d4 d5 3. exd5 exd5 4. c4 Bb4+ 5. Nc3 Ne7 6. Bd3 dxc4 7. Bxc4 O-O
8. Ne2 Nbc6 9. Bg5 h6 10. Bh4 g5 11. Bg3 Nf5 12. O-O Nfxd4 13. Nxd4 Nxd4 14. Nd5
Ne6 15. Nxb4 Qf6 16. Nd5 Qxb2 17. Ne7+ Kg7 18. Re1 Qb4 19. Nxc8 Qxc4 20. Ne7
Rad8 21. Qh5 Kf6 22. Nf5 Kxf5 23. Qxh6 Nf4 24. Qh7+ Kf6 25. Qh6+ Kf5 1/2-1/2

[Event "POHÁR města Říčany 2023"]
[Site "Městské kulturní středisko U labutě"]
[Date "2023.09.02"]
[Round "9.39"]
[White "Koper, Stefan"]
[Black "Dudkova, Josefina"]
[Result "1-0"]
[WhiteElo "1720"]
[BlackElo "1587"]
[WhiteFideId "306606"]
[BlackFideId "23712350"]
[PlyCount "0"]
[EventDate "2023.08.26"]

1. d4 Nf6 2. c4 e6 3. Nf3 d5 4. cxd5 exd5 5. Bg5 c6 6. e3 h6 7. Bxf6 Qxf6
8. Nc3 Nd7 9. Be2 Bd6 10. a3 O-O 11. b4 b5 12. e4 dxe4 13. Nxe4 Qe7 14. Nxd6
Qxd6 15. O-O Nb6 16. Rc1 Nd5 17. Ne5 Bb7 18. Bf3 Rfd8 19. Qb3 a5 20. Rc5 Qf6
21. Bxd5 Rxd5 22. Rxd5 cxd5 23. Rc1 axb4 24. Qxb4 Qa6 25. Qe7 Qxa3 26. Qxf7+ Kh8
27. Rf1 Qa6 28. Qe7 Qb6 29. Qb4 Kg8 30. Nd7 Qc6 31. Nc5 Rb8 32. h3 Bc8 33. Re1
Kf7 34. Nd3 Qc7 35. Ne5+ Kg8 36. Re3 Qc1+ 37. Kh2 Qc2 38. Rf3 Bf5 39. Qd6 1-0

[Event "POHÁR města Říčany 2023"]
[Site "Městské kulturní středisko U labutě"]
[Date "2023.09.02"]
[Round "9.40"]
[White "Ocelak, David"]
[Black "Bara, Jan"]
[Result "1/2-1/2"]
[WhiteElo "1640"]
[BlackElo "1581"]
[WhiteFideId "23728795"]
[BlackFideId "23716150"]
[PlyCount "0"]
[EventDate "2023.08.26"]

1. e4 c5 2. Nf3 d6 3. c3 Nf6 4. Be2 Nc6 5. d3 g6 6. O-O Bg7 7. h3 O-O 8. Be3
Rb8 9. Qd2 Qc7 10. Nh2 Ne8 11. d4 cxd4 12. cxd4 e5 13. d5 Nd4 14. Nc3 a6 15. Bd3
f5 16. f3 Bd7 17. Ne2 Nxe2+ 18. Qxe2 Nf6 19. Rfc1 Qa5 20. b4 Qd8 21. g4 f4
22. Bf2 g5 23. b5 axb5 24. Bxb5 Rc8 25. Bxd7 Qxd7 26. Nf1 h5 1/2-1/2

[Event "POHÁR města Říčany 2023"]
[Site "Městské kulturní středisko U labutě"]
[Date "2023.09.02"]
[Round "9.41"]
[White "Vajdik, Josef"]
[Black "Chernyy, Andrey"]
[Result "1/2-1/2"]
[WhiteElo "1377"]
[BlackElo "1638"]
[WhiteFideId "23716606"]
[BlackFideId "23723785"]
[PlyCount "0"]
[EventDate "2023.08.26"]

1. Nf3 d5 2. d4 Nf6 3. e3 e6 4. c4 Be7 5. Nbd2 O-O 6. Bd3 b6 7. O-O Bb7 8. b3
Nbd7 9. Bb2 c5 10. Rc1 Ne4 11. Ne5 Nxd2 12. Nxd7 Qxd7 13. Qxd2 Bf6 14. dxc5 Bxb2
15. Qxb2 bxc5 16. Qe5 Qc6 17. f3 Rac8 18. Rc2 Rfd8 19. Rfc1 Qb6 20. Be2 d4
21. Rd1 dxe3 22. Rxd8+ Rxd8 23. Qxe3 Qa5 24. Kf2 Qb4 25. Bd3 a5 26. Rd2 g6
27. Ke2 Rb8 28. Qf4 Bc6 29. Qc7 Qb6 30. Qxb6 Rxb6 31. Bc2 Ra6 1/2-1/2

[Event "POHÁR města Říčany 2023"]
[Site "Městské kulturní středisko U labutě"]
[Date "2023.09.02"]
[Round "9.42"]
[White "Sadil, Pavel"]
[Black "Sboev, Kirill"]
[Result "0-1"]
[WhiteElo "1615"]
[BlackElo "1542"]
[WhiteFideId "23710373"]
[BlackFideId "23732245"]
[PlyCount "0"]
[EventDate "2023.08.26"]

1. d4 d5 2. Nf3 Nf6 3. e3 e6 4. Bd3 Bd6 5. Nbd2 O-O 6. O-O b6 7. c3 Bb7 8. Qc2
Nbd7 9. e4 dxe4 10. Nxe4 Nxe4 11. Bxe4 Bxe4 12. Qxe4 Nf6 13. Qc2 Qe7 14. Bg5 h6
15. Bh4 Rfd8 16. Ne5 g5 17. Bg3 Bxe5 18. dxe5 Nh5 19. Qe2 Nxg3 20. fxg3 Rd5
21. Qf3 Rf8 22. Rae1 Qc5+ 23. Kh1 Rxe5 24. Qh5 Rxe1 25. Rxe1 Qf2 26. Rg1 Kg7
27. Qd1 c5 28. Rf1 Qxb2 29. h4 Qxc3 30. Rf3 Qd4 31. Rd3 Qe4 32. hxg5 hxg5
33. Qd2 Qe5 34. Kg1 c4 35. Re3 Qf6 36. Rf3 Qd8 37. Qe2 0-1

[Event "POHÁR města Říčany 2023"]
[Site "Městské kulturní středisko U labutě"]
[Date "2023.09.02"]
[Round "9.43"]
[White "Studzinski, David"]
[Black "Dejmek, Tomas"]
[Result "0-1"]
[WhiteElo "1262"]
[BlackElo "1626"]
[WhiteFideId "376027"]
[BlackFideId "23719222"]
[PlyCount "0"]
[EventDate "2023.08.26"]

1. c4 e6 2. d4 d5 3. e3 Nf6 4. Bd3 dxc4 5. Bxc4 c5 6. Nf3 Nc6 7. O-O cxd4
8. Nxd4 Nxd4 9. Qxd4 Qxd4 10. exd4 Bb4 11. a3 Ba5 12. b4 Bb6 13. Be3 O-O 14. Nc3
a5 15. d5 Bxe3 16. fxe3 exd5 17. Nxd5 Nxd5 18. Bxd5 Ra7 19. e4 b6 20. Rf3 axb4
21. Rb3 bxa3 22. Rbxa3 Rxa3 23. Rxa3 Be6 24. Bc6 Rb8 25. Bb5 g6 26. Kf2 Kg7
27. h3 Kf6 28. Kf3 Ke5 29. Ra4 Kd6 30. Bc4 Bxc4 31. Rxc4 h5 32. Ke3 b5 33. Rc2
Rb7 34. Rc8 b4 35. Kd2 b3 36. Rc1 b2 37. Rb1 Ke5 38. Kd3 Kf4 39. g3+ Kxg3
40. Ke3 Kxh3 41. Kf3 Kh2 0-1

[Event "POHÁR města Říčany 2023"]
[Site "Městské kulturní středisko U labutě"]
[Date "2023.09.02"]
[Round "9.44"]
[White "Pechanek, Krystof Jan"]
[Black "Vit, Zdenek"]
[Result "1-0"]
[WhiteElo "1493"]
[BlackElo "1654"]
[WhiteFideId "23719869"]
[BlackFideId "23706830"]
[PlyCount "0"]
[EventDate "2023.08.26"]

1. d4 Nf6 2. Bf4 g6 3. e3 Bg7 4. c3 O-O 5. Nf3 d6 6. Bd3 Nbd7 7. Qc2 c5 8. Nbd2
b6 9. O-O Bb7 10. Rac1 Rc8 11. h3 cxd4 12. exd4 Nd5 13. Bg3 Nb4 14. Qb1 Nxd3
15. Qxd3 Nf6 16. Rfe1 Re8 17. Ng5 Rc7 18. Qb5 Qb8 19. Nge4 Nxe4 20. Nxe4 f5
21. Nxd6 Bc6 22. Qb3+ Bd5 23. Nxe8 Rxc3 24. Qxc3 Qxe8 25. Qc8 1-0

[Event "POHÁR města Říčany 2023"]
[Site "Městské kulturní středisko U labutě"]
[Date "2023.09.02"]
[Round "9.45"]
[White "Borecky, Andrej"]
[Black "Cizek, Jan"]
[Result "0-1"]
[WhiteElo "1394"]
[BlackElo "1515"]
[WhiteFideId "23752670"]
[BlackFideId "23745703"]
[PlyCount "0"]
[EventDate "2023.08.26"]

1. d4 Nf6 2. c4 e5 3. dxe5 Ng4 4. Nf3 Bc5 5. e3 Nc6 6. a3 a5 7. Be2 Ncxe5
8. Nc3 O-O 9. Nxe5 Nxe5 10. O-O Re8 11. b3 Ra6 12. Bb2 Rd6 13. Qc2 Rh6 14. Ne4
Qh4 15. h3 d6 16. Nxc5 dxc5 17. Rfd1 Bxh3 18. g3 Qg5 19. Rd5 c6 20. Bxe5 cxd5
21. Bf4 Qf6 22. Rd1 g5 23. Bc7 dxc4 24. Bxc4 Qc6 25. Bxf7+ Kxf7 26. Qe4 Be6 0-1